000 00508nam a2200181Ia 4500
999 _c1835
_d1835
003 OSt
005 20200925141906.0
008 190216s9999||||xx |||||||||||||| ||und||
020 _a9788173199882
040 _coclc
082 _a570.285
_bROY/B
100 _aRoy, Darbeshwar
_95020
245 0 _aBioinformatics /
_cDarbeshwar Roy
260 _bNarosa Publishing House,
_c2009.
_aNew Delhi:
300 _a219p
650 _aBotany
942 _cBK
_2ddc
_h570.285
_iROY/B
_k570.285
_mROY/B